| 000 | 00540nam a2200181Ia 4500 | ||
|---|---|---|---|
| 005 | 20250508151506.0 | ||
| 008 | 008 250505s9999 xx 000 0 eng d | ||
| 037 | _aTextual | ||
| 040 |
_aFEDL _beng _cFEDL |
||
| 041 |
_aeng _2eng |
||
| 084 |
_a372.21, MUN _qFEDL |
||
| 100 |
_aMunro Rona _9759274 |
||
| 245 | 0 | _aTeachers' manual for use with the Janet and John reading courses | |
| 260 |
_aLondon, UK _bJames Nisbet and Co, Ltd. _c1954 |
||
| 300 | _axvii,145p | ||
| 942 |
_cTEXL _h372.21, MUN |
||
| 999 |
_c1330150 _d1330150 |
||